00800nam a22001937a 4500999001900000005001700019010001500036020002600051035001400077037000900091082001200100100001900112245010400131260006700235270012800302300002800430942002600458952012200484 c185943d18594320220211110438.0 aENG-131526 a9789353067021c670.00 aEN-115058 bDBAD a658.472 aSharda, Ramesh aBusiness Intelligence, Analytics, And Data Science:bA Managerial Perspective/cRamesh Sharda et.al aUttar PradeshbPearson India Education Services Pvt. Ltdc2019 a15th Floor, Tower-B, World Trade Tower, Plot No. 1, Block-C, Sector-16, bNoidae201301mcompanysecretary.india@pearson.com a512p.bIndexc26cm(pbk) 2ddccENh658.472mSHA 001040708NFICaBNbBNd2022-02-11eDBAD/PUBg670.00l0o658.472 SHApEN-115058r2022-02-11 00:00:00t1v670.00yEN